000 00612nam a22001937a 4500
999 _c171667
_d171667
005 20200117121646.0
010 _aENG-127440
020 _a9789388766098
_c250.00
035 _aEN-110972
037 _bDBAD/PUB
082 _aN
100 _aMaheshwari,Anand prakash
245 _aHukum:
_bstories where the police could make a difference/
_cby Anand prakash Maheshwari[and]Vineeta Chandak
260 _aNew Delhi
_bLifi publications
_c2020
270 _a211,2nd floor,Gagandeep,12 Rajendra Place
_e110008
_bNew Delhi
300 _a199p.
_c20cm(pbk)
700 _aChandak,Vineeta
942 _2ddc
_cEN
_hS
_mMAH